Movie references in The Simpsons #3 - Statistics

General Stats
  • This quiz has been taken 8 times
  • The average score is 9 of 20
Answer Stats
Picture Answer % Correct
It
100%
Spider-Man (2002)
100%
The Hunger Games
100%
Pinocchio (1940)
86%
Pirates of the Caribbean: The Curse of the Black Pearl
86%
Transformers
86%
Spirited Away
57%
Cape Fear (1991)
43%
North by Northwest
43%
The Matrix
43%
Alien
29%
Home Alone
29%
Paranormal Activity
29%
The Deer Hunter
29%
The Graduate
29%
Eternal Sunshine of the Spotless Mind
14%
Godzilla (1954) / Attack of the 50 Foot Woman (1958)
14%
I Know What You Did Last Summer (1997)
14%
The Omen (1976)
14%
Un Chien Andalou
0%
No matching quizzes found
Score Distribution
Percent of People with Each Score
Percentile by Number Answered
Your Score History
You have not taken this quiz